[Event "SC Kreuzberg IM 2018"]
[Site "Berlin"]
[Date "2018.08.05"]
[Round "5.2"]
[White "Barath, Madhan"]
[Black "Meissner, Felix"]
[Result "0-1"]
[WhiteElo "2307"]
[BlackElo "2330"]
[Annotator "NA"]
[PlyCount "98"]
[EventDate "2018.08.06"]
[EventType "tourn"]
[EventCountry "GER"]
[SourceTitle "playchess.com"]
[Source "ChessBase"]
[SourceQuality "1"]
[TimeControl "40/5400+30:1800+30"]

1. d4 {[%emt 1:30:27]} Nf6 {[%emt 1:30:15]} 2. c4 {[%emt 1:30:15]} e6 {[%emt 1:30:15]} 3. Nc3 {[%emt 1:31:09]} Bb4 {[%emt 1:30:02]} 4. Qc2 {[%emt 1:31:28]} O-O {[%emt 1:30:18]} 5. e4 {[%emt 1:31:40]} d6 {[%emt 1:25:58]} 6. Bd3 {[%emt 1:31:52]} e5 {[%emt 1:25:43]} 7. a3 {[%emt 1:29:19]} Bxc3+ {[%emt 1:24:59]} 8. bxc3 {[%emt 1:29:44]} c5 {[%emt 1:21:43]} 9. d5 {[%emt 1:29:06]} Nh5 {[%emt 1:17:38]} 10. Ne2 {[%emt 1:25:09]} Qh4 {[%emt 1:14:45]} 11. O-O {[%emt 1:17:06]} Nd7 {[%emt 1:12:03]} 12. g3 {[%emt 1:08:02]} Qh3 {[%emt 1:08:36]} 13. f3 {[%emt 1:07:35]} g6 {[%emt 1:02:08]} 14. g4 {[%emt 0:41:38]} Ng7 {[%emt 0:58:19]} 15. Ng3 {[%emt 0:41:39]} h5 {[%emt 0:56:00]} 16. Qe2 {[%emt 0:28:55]} Qh4 {[%emt 0:49:50]} 17. g5 {[%emt 0:21:11]} f6 {[%emt 0:48:17]} 18. f4 {[%emt 0:21:05]} fxg5 {[%emt 0:43:26]} 19. fxg5 {[%emt 0:21:17]} Rf4 {[%emt 0:40:37]} 20. Kh1 {[%emt 0:10:58]} Nf8 {[%emt 0:35:39]} 21. Qe3 {[%emt 0:08:35]} Rxf1+ {[%emt 0:29:35]} 22. Nxf1 {[%emt 0:07:41]} Nh7 {[%emt 0:27:49]} 23. Ra2 {[%emt 0:04:17]} Bh3 {[%emt 0:26:16]} 24. Ng3 {[%emt 0:03:42]} Rf8 {[%emt 0:26:13]} 25. Rf2 {[%emt 0:03:49]} Rxf2 {[%emt 0:04:18]} 26. Qxf2 {[%emt 0:04:18]} Qg4 {[%emt 0:24:29]} 27. Be2 {[%emt 0:02:27]} Qc8 {[%emt 0:22:58]} 28. Nxh5 {[%emt 0:01:28]} Nxh5 {[%emt 0:07:11]} 29. Bxh5 {[%emt 0:01:54]} gxh5 {[%emt 0:06:21]} 30. g6 {[%emt 0:02:21]} Qd7 {[%emt 0:05:41]} 31. gxh7+ {[%emt 0:01:42]} Kxh7 {[%emt 0:05:57]} 32. Bg5 {[%emt 0:00:42]} Kg8 {[%emt 0:06:27]} 33. Qg3 {[%emt 0:00:07]} Bg4 {[%emt 0:03:13]} 34. Bf6 {[%emt 0:00:03]} Qh7 {[%emt 0:02:40]} 35. Qe3 {[%emt 0:00:04]} Qg6 {[%emt 0:03:09]} 36. Bg5 {[%emt 0:00:17]} Bd1 {[%emt 0:02:22]} 37. h4 {[%emt 0:00:03]} Bc2 {[%emt 0:02:34]} 38. Kh2 {[%emt 0:00:16]} Bxe4 {[%emt 0:02:37]} 39. Qf2 {[%emt 0:00:10]} b6 {[%emt 0:01:48]} 40. Be7 {[%emt 0:00:10]} Kh7 {[%emt 0:00:28]} 41. Bg5 {[%emt 0:12:41]} Bf5 {[%emt 0:27:17]} 42. Qf3 {[%emt 0:11:55]} Qf7 {[%emt 0:24:45]} 43. Qf2 {[%emt 0:09:41]} Kg8 {[%emt 0:24:50]} 44. Qe3 {[%emt 0:07:02]} Kf8 {[%emt 0:22:32]} 45. Kg2 {[%emt 0:06:59]} Ke8 {[%emt 0:21:57]} 46. Qd2 {[%emt 0:05:39]} Be4+ {[%emt 0:22:11]} 47. Kg1 {[%emt 0:05:21]} Qf3 {[%emt 0:22:20]} 48. Qh2 {[%emt 0:03:05]} Qd1+ {[%emt 0:21:42]} 49. Kf2 {[%emt 0:03:29]} Qc2+ {[%emt 0:22:07]} 0-1

[Event "SC Kreuzberg IM 2018"]
[Site "Berlin"]
[Date "2018.08.05"]
[Round "5.3"]
[White "Malek, Daniel"]
[Black "Glantz, Robert"]
[Result "1-0"]
[WhiteElo "2383"]
[BlackElo "2336"]
[Annotator "NA"]
[PlyCount "95"]
[EventDate "2018.08.06"]
[EventType "tourn"]
[EventCountry "GER"]
[SourceTitle "playchess.com"]
[Source "ChessBase"]
[SourceQuality "1"]
[TimeControl "40/5400+30:1800+30"]

1. c4 {[%emt 1:30:27]} Nf6 {[%emt 1:29:26]} 2. Nc3 {[%emt 1:30:51]} g6 {[%emt 1:28:42]} 3. d4 {[%emt 1:30:41]} Bg7 {[%emt 1:29:05]} 4. e4 {[%emt 1:31:05]} d6 {[%emt 1:29:26]} 5. Be2 {[%emt 1:31:21]} O-O {[%emt 1:29:47]} 6. Be3 {[%emt 1:31:44]} c5 {[%emt 1:29:21]} 7. d5 {[%emt 1:30:58]} e6 {[%emt 1:29:38]} 8. Nf3 {[%emt 1:31:23]} exd5 {[%emt 1:29:48]} 9. cxd5 {[%emt 1:31:45]} Bg4 {[%emt 1:29:50]} 10. Nd2 {[%emt 1:31:50]} Bxe2 {[%emt 1:30:12]} 11. Qxe2 {[%emt 1:32:17]} Re8 {[%emt 1:29:44]} 12. O-O {[%emt 1:32:30]} Na6 {[%emt 1:26:20]} 13. Kh1 {[%emt 1:32:23]} Nc7 {[%emt 1:25:40]} 14. a4 {[%emt 1:32:46]} Qe7 {[%emt 1:25:50]} 15. Rae1 {[%emt 1:25:55]} Nd7 {[%emt 1:15:49]} 16. f4 {[%emt 1:23:38]} Bxc3 {[%emt 1:03:40]} 17. bxc3 {[%emt 1:23:56]} Nf6 {[%emt 1:04:06]} 18. Qd1 {[%emt 1:13:42]} Nxe4 {[%emt 0:50:45]} 19. Bxc5 {[%emt 1:11:28]} f5 {[%emt 0:49:57]} 20. Nxe4 {[%emt 1:10:23]} fxe4 {[%emt 0:50:27]} 21. Bd4 {[%emt 1:05:59]} Nxd5 {[%emt 0:43:07]} 22. f5 {[%emt 1:05:35]} g5 {[%emt 0:37:23]} 23. Qh5 {[%emt 1:01:30]} Nf4 {[%emt 0:20:11]} 24. Qh6 {[%emt 0:39:20]} Nd3 {[%emt 0:19:23]} 25. Rxe4 {[%emt 0:37:53]} Ne5 {[%emt 0:19:21]} 26. Bxe5 {[%emt 0:35:34]} dxe5 {[%emt 0:19:40]} 27. f6 {[%emt 0:36:00]} Qf7 {[%emt 0:19:47]} 28. Qxg5+ {[%emt 0:35:34]} Kh8 {[%emt 0:20:00]} 29. Rxe5 {[%emt 0:35:07]} Rxe5 {[%emt 0:20:16]} 30. Qxe5 {[%emt 0:35:31]} Re8 {[%emt 0:17:02]} 31. Qd4 {[%emt 0:35:46]} b6 {[%emt 0:17:15]} 32. h3 {[%emt 0:35:30]} Rf8 {[%emt 0:13:09]} 33. Rf5 {[%emt 0:34:25]} Re8 {[%emt 0:10:17]} 34. Re5 {[%emt 0:32:27]} Rf8 {[%emt 0:09:14]} 35. Rd5 {[%emt 0:24:00]} Qxf6 {[%emt 0:06:08]} 36. Rf5 {[%emt 0:23:29]} Qxd4 {[%emt 0:06:32]} 37. Rxf8+ {[%emt 0:23:55]} Kg7 38. cxd4 {[%emt 0:24:22]} Kxf8 {[%emt 0:07:18]} 39. Kg1 {[%emt 0:24:46]} Ke7 {[%emt 0:01:16]} 40. Kf2 {[%emt 0:25:09]} Ke6 {[%emt 0:01:13]} 41. Ke3 {[%emt 0:25:29]} a6 {[%emt 0:24:08]} 42. g4 {[%emt 0:54:59]} b5 {[%emt 0:24:04]} 43. axb5 {[%emt 0:55:24]} axb5 {[%emt 0:24:29]} 44. h4 {[%emt 0:52:19]} b4 {[%emt 0:13:29]} 45. Kd3 {[%emt 0:52:14]} b3 {[%emt 0:12:18]} 46. h5 {[%emt 0:52:11]} h6 {[%emt 0:02:30]} 47. Kc3 {[%emt 0:50:58]} Kd5 {[%emt 0:02:37]} 48. g5 {[%emt 0:50:32]} 1-0

[Event "SC Kreuzberg IM 2018"]
[Site "Berlin"]
[Date "2018.08.05"]
[Round "5.4"]
[White "Sandu, Mihaela"]
[Black "Kalinitschew, Sergey"]
[Result "1/2-1/2"]
[WhiteElo "2268"]
[BlackElo "2430"]
[Annotator "TA"]
[PlyCount "99"]
[EventDate "2018.08.06"]
[EventType "tourn"]
[EventCountry "GER"]
[SourceTitle "playchess.com"]
[Source "ChessBase"]
[SourceQuality "1"]

{[%evp 22,99,32,34,36,31,20,13,22,17,41,33,38,33,52,59,64,55,71,60,65,31,64,36,21,23,35,32,89,81,76,79,140,129,132,129,143,136,165,27,17,34,33,33,8,0,0,0,71,71,75,79,81,63,97,62,131,114,112,121,109,20,38,0,109,0,33,8,8,8,8,8,8,8,8,8,8,8,8,8]} 1. e4 c5 2. Nf3 Nc6 3. d4 cxd4 4. Nxd4 e5 5. Nb5 {[%cal Bd4b5,Bb5a3,Ba3c4][%mdl 32]} d6 6. N1c3 a6 7. Na3 Be6 8. Nc4 b5 9. Ne3 Nf6 {B32: Sicilian: Löwenthal and Kalashnikov Variations} 10. g3 g6 11. Bg2 Bg7 (11... Bh6 12. O-O O-O 13. Bd2 Rc8 14. Ncd5 Bxd5 15. exd5 Ne7 16. a4 Qb6 17. axb5 axb5 {½-½ (57) Vocaturo,D (2607)-Radjabov,T (2741) Heraklio 2017}) 12. O-O {LiveBook: 4 Games} Rc8 13. Ncd5 Bxd5 14. Nxd5 Nxd5 15. exd5 Ne7 16. c3 O-O 17. a4 Qa5 $146 18. Bd2 f5 19. Re1 Qc7 20. axb5 axb5 21. Qe2 Rb8 22. Be3 Rb7 23. f4 $36 {[%mdl 2048] Black is under pressure.} e4 24. Red1 $1 b4 (24... Rfb8 $14) 25. c4 $16 {[%cal Bc3c4,Bc4c5][%mdl 32]} Nc8 26. Bf1 Nb6 {[#]} (26... Rd8 $142) 27. c5 $1 {[%cal Rc5b6]} dxc5 28. d6 Qc6 29. Ra6 Rd8 {[#]} 30. Qc4+ (30. Qf2 $1 $18) 30... Kh8 $11 31. Qxc5 Qxc5 32. Bxc5 Nd7 33. Bd4 (33. Bf2 {is interesting.} Bxb2 34. Bc4 Bf6 35. Bb3 Rbb8 36. Ra7) 33... Bxd4+ 34. Rxd4 Kg7 (34... Rb6 $11) 35. Rc6 $16 Kf6 36. Rc7 Rb6 37. Bc4 g5 38. Kf2 gxf4 (38... h5 $14) 39. gxf4 b3 40. Ke3 Rb4 41. Bd5 (41. Rd2 $16) 41... Rb6 42. Bc4 (42. Bg8 $14) 42... Rb4 $1 43. Bd5 ({Better is} 43. h4 $16) 43... Nb6 44. Rxh7 {aiming for Rh6+.} Rxd4 {The position is equal.} 45. Kxd4 $14 {Strongly threatening Rh6+. KRB-KRN} Kg6 46. Re7 {Threatens to win with Re6+.} Rxd6 47. Re6+ Rxe6 48. Bxe6 Na4 49. Bxb3 Nxb2 50. Bc2 {Precision: White = 66%, Black = 49%.} 1/2-1/2

[Event "SC Kreuzberg IM 2018"]
[Site "Berlin"]
[Date "2018.08.05"]
[Round "5.5"]
[White "Muse, Drazen"]
[Black "Moritz, Aron"]
[Result "1/2-1/2"]
[WhiteElo "2361"]
[BlackElo "2199"]
[Annotator "NA"]
[PlyCount "69"]
[EventDate "2018.08.06"]
[EventType "tourn"]
[EventCountry "GER"]
[SourceTitle "playchess.com"]
[Source "ChessBase"]
[SourceQuality "1"]
[TimeControl "40/5400+30:1800+30"]

1. d4 {[%emt 1:24:32]} Nf6 {[%emt 1:30:22]} 2. Nf3 {[%emt 1:24:39]} g6 {[%emt 1:30:41]} 3. Bg5 {[%emt 1:24:55]} Bg7 {[%emt 1:31:00]} 4. Nbd2 {[%emt 1:25:20]} c5 {[%emt 1:29:40]} 5. Bxf6 {[%emt 1:25:41]} Bxf6 {[%emt 1:30:04]} 6. Ne4 {[%emt 1:26:04]} Qb6 {[%emt 1:28:06]} 7. Nxf6+ {[%emt 1:20:18]} Qxf6 {[%emt 1:28:14]} 8. d5 {[%emt 1:17:58]} Qxb2 {[%emt 1:27:07]} 9. e4 {[%emt 1:18:24]} Qc3+ {[%emt 1:20:41]} 10. Nd2 {[%emt 1:18:44]} O-O {[%emt 1:19:58]} 11. Bd3 {[%emt 1:15:11]} f5 {[%emt 1:14:10]} 12. O-O {[%emt 1:15:14]} f4 {[%emt 1:07:14]} 13. Rb1 {[%emt 1:15:21]} d6 {[%emt 1:06:12]} 14. Re1 {[%emt 1:13:34]} Nd7 {[%emt 1:02:14]} 15. Bb5 {[%emt 1:10:08]} Ne5 {[%emt 0:59:09]} 16. Rb3 {[%emt 1:08:43]} Qa5 {[%emt 0:59:29]} 17. Nc4 {[%emt 1:08:54]} Qc7 {[%emt 0:58:34]} 18. Nxe5 {[%emt 1:09:06]} dxe5 {[%emt 0:58:58]} 19. Be2 {[%emt 1:09:26]} Rb8 {[%emt 0:46:04]} 20. c4 {[%emt 1:08:31]} Bd7 {[%emt 0:45:55]} 21. Qd2 {[%emt 1:07:47]} Rf6 {[%emt 0:39:53]} 22. h3 {[%emt 1:04:10]} Kg7 {[%emt 0:37:04]} 23. Ra1 {[%emt 1:04:23]} h5 {[%emt 0:26:14]} 24. a4 {[%emt 1:04:04]} a5 {[%emt 0:26:18]} 25. Qb2 {[%emt 1:00:33]} Kh6 {[%emt 0:24:25]} 26. Qb1 {[%emt 0:58:53]} b6 {[%emt 0:22:46]} 27. Ra2 {[%emt 0:59:00]} Rg8 {[%emt 0:22:05]} 28. Qd1 {[%emt 0:58:48]} Rgf8 {[%emt 0:20:19]} 29. Rd3 {[%emt 0:57:33]} Qd6 {[%emt 0:18:53]} 30. Rb2 {[%emt 0:55:49]} Rg8 {[%emt 0:17:03]} 31. Ra2 {[%emt 0:53:28]} Rgf8 {[%emt 0:17:06]} 32. Qd2 {[%emt 0:53:29]} Kh7 {[%emt 0:14:23]} 33. Ra1 {[%emt 0:53:31]} Kg7 {[%emt 0:13:39]} 34. Raa3 {[%emt 0:51:15]} Kh7 {[%emt 0:12:49]} 35. Qd1 {[%emt 0:50:29]} 1/2-1/2

[Event "SC Kreuzberg IM 2018"]
[Site "Berlin"]
[Date "2018.08.05"]
[Round "6.1"]
[White "Brunello, Marina"]
[Black "Moritz, Aron"]
[Result "1-0"]
[WhiteElo "2280"]
[BlackElo "2199"]
[Annotator "NA"]
[PlyCount "73"]
[EventDate "2018.08.06"]
[EventType "tourn"]
[EventCountry "GER"]
[SourceTitle "playchess.com"]
[Source "ChessBase"]
[SourceQuality "1"]
[TimeControl "40/5400+30:1800+30"]

1. e4 g6 2. d4 Bg7 3. Nc3 d6 4. Nf3 {[%emt 1:28:24]} a6 {[%emt 1:31:01]} 5. Be3 {[%emt 1:28:34]} Nf6 {[%emt 1:30:23]} 6. a4 {[%emt 1:20:28]} O-O {[%emt 1:29:49]} 7. Bd3 {[%emt 1:19:05]} Nc6 {[%emt 1:28:39]} 8. d5 {[%emt 1:13:16]} Ne5 {[%emt 1:26:18]} 9. Nxe5 {[%emt 1:10:59]} dxe5 {[%emt 1:26:43]} 10. a5 {[%emt 1:11:19]} e6 {[%emt 1:24:32]} 11. dxe6 {[%emt 1:05:13]} Bxe6 {[%emt 1:24:53]} 12. O-O {[%emt 1:04:51]} Qd6 {[%emt 1:15:38]} 13. Na4 {[%emt 1:00:28]} Qc6 {[%emt 1:14:58]} 14. f3 {[%emt 0:59:40]} Rad8 {[%emt 1:08:20]} 15. Nc5 {[%emt 0:55:17]} Nh5 {[%emt 0:54:25]} 16. b4 {[%emt 0:52:23]} Nf4 {[%emt 0:50:17]} 17. Qb1 {[%emt 0:46:34]} Nxd3 {[%emt 0:48:42]} 18. cxd3 {[%emt 0:46:35]} Bc8 {[%emt 0:46:53]} 19. Rc1 {[%emt 0:35:45]} Qb5 {[%emt 0:45:08]} 20. Rc4 {[%emt 0:35:15]} b6 {[%emt 0:27:50]} 21. axb6 {[%emt 0:30:20]} cxb6 {[%emt 0:28:10]} 22. Na4 {[%emt 0:30:29]} Be6 {[%emt 0:25:19]} 23. Nxb6 {[%emt 0:28:38]} Bxc4 {[%emt 0:21:11]} 24. dxc4 {[%emt 0:28:55]} Qc6 {[%emt 0:20:49]} 25. Rxa6 {[%emt 0:26:37]} f5 {[%emt 0:19:50]} 26. b5 {[%emt 0:24:05]} Qc7 {[%emt 0:15:02]} 27. Qc2 {[%emt 0:20:12]} fxe4 {[%emt 0:13:54]} 28. Qxe4 {[%emt 0:17:15]} Rd1+ {[%emt 0:13:51]} 29. Kf2 {[%emt 0:17:39]} Rfd8 {[%emt 0:11:14]} 30. Nd5 {[%emt 0:12:50]} Qf7 {[%emt 0:10:56]} 31. Ra7 {[%emt 0:11:49]} Qf8 {[%emt 0:10:26]} 32. b6 {[%emt 0:11:15]} Kh8 {[%emt 0:07:56]} 33. b7 {[%emt 0:09:26]} Qe8 {[%emt 0:05:55]} 34. Qc2 {[%emt 0:06:50]} Rh1 {[%emt 0:04:21]} 35. Qa4 {[%emt 0:06:33]} Rb1 {[%emt 0:01:06]} 36. Qxe8+ {[%emt 0:06:16]} Rxe8 {[%emt 0:01:32]} 37. Ra8 {[%emt 0:06:37]} 1-0

[Event "SC Kreuzberg IM 2018"]
[Site "Berlin"]
[Date "2018.08.05"]
[Round "6.3"]
[White "Glantz, Robert"]
[Black "Sandu, Mihaela"]
[Result "0-1"]
[WhiteElo "2336"]
[BlackElo "2268"]
[Annotator "NA"]
[PlyCount "44"]
[EventDate "2018.08.06"]
[EventType "tourn"]
[EventCountry "GER"]
[SourceTitle "playchess.com"]
[Source "ChessBase"]
[SourceQuality "1"]
[TimeControl "40/5400+30:1800+30"]

1. e4 {[%emt 1:27:55]} c5 {[%emt 1:30:03]} 2. Nf3 {[%emt 1:22:26]} d6 {[%emt 1:30:29]} 3. Bb5+ {[%emt 1:22:50]} Nd7 {[%emt 1:30:48]} 4. O-O {[%emt 1:22:28]} a6 {[%emt 1:31:14]} 5. Bd3 {[%emt 1:22:31]} Ngf6 {[%emt 1:31:21]} 6. Re1 {[%emt 1:22:15]} g6 {[%emt 1:25:32]} 7. c3 {[%emt 1:22:12]} Bg7 {[%emt 1:25:54]} 8. Bc2 {[%emt 1:21:59]} e5 {[%emt 1:25:14]} 9. d4 {[%emt 1:21:12]} O-O {[%emt 1:25:14]} 10. Nbd2 {[%emt 1:16:48]} b5 {[%emt 1:23:06]} 11. Nf1 {[%emt 1:13:35]} Bb7 {[%emt 1:20:20]} 12. Ng3 {[%emt 1:13:07]} cxd4 {[%emt 1:14:19]} 13. cxd4 {[%emt 1:13:29]} exd4 {[%emt 1:13:38]} 14. Nxd4 {[%emt 1:12:23]} Re8 {[%emt 1:13:13]} 15. Bf4 {[%emt 1:07:10]} Ne5 {[%emt 1:13:43]} 16. Qd2 {[%emt 1:00:03]} Nc4 {[%emt 1:00:34]} 17. Qb4 {[%emt 0:59:48]} Nh5 {[%emt 0:53:49]} 18. Nxh5 {[%emt 0:57:59]} Bxd4 {[%emt 0:54:00]} 19. Ng3 {[%emt 0:40:05]} Qf6 {[%emt 0:50:58]} 20. Ne2 {[%emt 0:33:15]} Bxb2 {[%emt 0:48:20]} 21. Rad1 {[%emt 0:29:51]} Bxe4 {[%emt 0:46:09]} 22. Bxe4 {[%emt 0:26:07]} Rxe4 {[%emt 0:45:09]} 0-1

[Event "SC Kreuzberg IM 2018"]
[Site "Berlin"]
[Date "2018.08.05"]
[Round "6.4"]
[White "Meissner, Felix"]
[Black "Malek, Daniel"]
[Result "1/2-1/2"]
[WhiteElo "2330"]
[BlackElo "2383"]
[Annotator "NA"]
[PlyCount "80"]
[EventDate "2018.08.06"]
[EventType "tourn"]
[EventCountry "GER"]
[SourceTitle "playchess.com"]
[Source "ChessBase"]
[SourceQuality "1"]
[TimeControl "40/5400+30:1800+30"]

1. e4 e6 2. d4 {[%emt 1:31:49]} d5 {[%emt 1:31:49]} 3. Bd3 {[%emt 1:31:49]} dxe4 {[%emt 1:31:49]} 4. Bxe4 {[%emt 1:29:59]} Nf6 {[%emt 1:32:03]} 5. Bf3 Nbd7 6. Nc3 Bd6 7. Nb5 {[%emt 1:26:52]} Bb4+ {[%emt 1:32:14]} 8. c3 {[%emt 1:26:53]} Ba5 {[%emt 1:32:37]} 9. Bf4 {[%emt 1:25:57]} O-O {[%emt 1:32:51]} 10. Ne2 {[%emt 1:24:50]} c6 {[%emt 1:32:45]} 11. Na3 {[%emt 1:23:00]} Bc7 {[%emt 1:32:27]} 12. Nc4 {[%emt 1:19:08]} Bxf4 {[%emt 1:28:29]} 13. Nxf4 {[%emt 1:19:30]} Qc7 {[%emt 1:28:52]} 14. Nd3 {[%emt 1:19:25]} c5 {[%emt 1:14:57]} 15. Rc1 {[%emt 1:15:36]} Rb8 {[%emt 1:13:58]} 16. O-O {[%emt 1:10:57]} b5 {[%emt 0:51:13]} 17. Nce5 {[%emt 1:09:37]} Nxe5 {[%emt 0:51:08]} 18. Nxe5 {[%emt 1:07:44]} Bb7 {[%emt 0:51:22]} 19. Bxb7 {[%emt 1:06:25]} Rxb7 {[%emt 0:51:28]} 20. Qf3 {[%emt 1:06:02]} Rb6 {[%emt 0:47:12]} 21. Rfd1 {[%emt 0:54:05]} Rd6 {[%emt 0:45:14]} 22. Qe2 {[%emt 0:42:58]} cxd4 {[%emt 0:40:36]} 23. cxd4 {[%emt 0:43:10]} Qb6 {[%emt 0:40:54]} 24. Nf3 {[%emt 0:38:47]} a6 {[%emt 0:39:14]} 25. Qe5 {[%emt 0:36:49]} Rfd8 {[%emt 0:38:31]} 26. Rd3 {[%emt 0:33:45]} h6 {[%emt 0:37:12]} 27. Rdc3 {[%emt 0:32:03]} Nd5 {[%emt 0:35:58]} 28. Rc8 {[%emt 0:25:53]} Ne7 {[%emt 0:35:58]} 29. Rxd8+ {[%emt 0:23:17]} Qxd8 {[%emt 0:35:40]} 30. Qe4 {[%emt 0:22:25]} Nf5 {[%emt 0:31:33]} 31. Qb7 {[%emt 0:21:29]} Qf6 {[%emt 0:30:06]} 32. Rc8+ {[%emt 0:17:07]} Kh7 {[%emt 0:26:04]} 33. Qb8 {[%emt 0:14:06]} Rxd4 {[%emt 0:19:06]} 34. Nxd4 {[%emt 0:13:18]} Qxd4 {[%emt 0:19:31]} 35. h3 {[%emt 0:11:59]} Qxb2 {[%emt 0:19:17]} 36. Qa7 {[%emt 0:08:51]} Qa1+ {[%emt 0:08:09]} 37. Kh2 {[%emt 0:09:14]} Qe5+ {[%emt 0:08:36]} 38. Kg1 {[%emt 0:06:06]} Qa1+ {[%emt 0:05:12]} 39. Kh2 {[%emt 0:06:35]} Qe5+ {[%emt 0:05:34]} 40. Kg1 {[%emt 0:06:00]} Qa1+ {[%emt 0:02:28]} 1/2-1/2

[Event "SC Kreuzberg IM 2018"]
[Site "Berlin"]
[Date "2018.08.05"]
[Round "6.5"]
[White "Berger, Steve"]
[Black "Barath, Madhan"]
[Result "1-0"]
[WhiteElo "2428"]
[BlackElo "2307"]
[Annotator "NA"]
[PlyCount "75"]
[EventDate "2018.08.06"]
[EventType "tourn"]
[EventCountry "GER"]
[SourceTitle "playchess.com"]
[Source "ChessBase"]
[SourceQuality "1"]
[TimeControl "40/5400+30:1800+30"]

1. e4 {[%emt 1:30:28]} c5 {[%emt 1:32:29]} 2. Nc3 {[%emt 1:32:29]} d6 3. f4 {[%emt 1:32:29]} g6 {[%emt 1:32:29]} 4. Nf3 Bg7 5. Bb5+ Bd7 6. Bc4 {[%emt 1:26:17]} Nc6 {[%emt 1:31:17]} 7. O-O {[%emt 1:31:41]} Na5 8. Be2 Nf6 9. d3 Nc6 10. Qe1 O-O 11. Be3 {[%emt 1:22:19]} Ng4 {[%emt 1:10:51]} 12. Bd2 {[%emt 1:22:36]} Nd4 {[%emt 0:52:11]} 13. Bd1 {[%emt 1:21:55]} f5 {[%emt 0:50:25]} 14. exf5 {[%emt 1:19:46]} gxf5 {[%emt 0:50:16]} 15. h3 {[%emt 1:18:39]} Nf6 {[%emt 0:50:07]} 16. Rb1 {[%emt 1:18:43]} Re8 {[%emt 0:35:43]} 17. b4 {[%emt 1:14:17]} b6 {[%emt 0:33:56]} 18. bxc5 {[%emt 1:13:49]} bxc5 {[%emt 0:34:07]} 19. Nxd4 {[%emt 1:12:42]} cxd4 {[%emt 0:34:29]} 20. Ne2 {[%emt 1:12:44]} Nd5 {[%emt 0:17:31]} 21. c3 {[%emt 1:09:37]} dxc3 {[%emt 0:17:18]} 22. Nxc3 {[%emt 1:09:41]} Nb6 {[%emt 0:16:55]} 23. Bb3+ {[%emt 1:06:49]} e6 {[%emt 0:17:11]} 24. Ne2 {[%emt 1:06:08]} Kh8 {[%emt 0:14:49]} 25. Bc3 {[%emt 1:03:42]} Qe7 {[%emt 0:10:38]} 26. Nd4 {[%emt 1:00:53]} Rac8 {[%emt 0:06:28]} 27. Ba1 {[%emt 0:57:00]} h6 {[%emt 0:04:07]} 28. Qa5 {[%emt 0:55:19]} Rc5 {[%emt 0:01:58]} 29. Qxa7 {[%emt 0:53:47]} Nd5 {[%emt 0:02:20]} 30. Rbe1 {[%emt 0:52:02]} Qf7 {[%emt 0:01:12]} 31. Ba4 {[%emt 0:33:36]} Rc7 32. Qa5 {[%emt 0:33:38]} Rc5 {[%emt 0:00:39]} 33. Qa6 {[%emt 0:33:27]} Bxa4 {[%emt 0:00:18]} 34. Qxa4 {[%emt 0:33:45]} Rcc8 {[%emt 0:00:18]} 35. Kh1 {[%emt 0:31:22]} Ra8 {[%emt 0:00:32]} 36. Qc6 {[%emt 0:30:14]} Rxa2 {[%emt 0:00:39]} 37. Nxf5 {[%emt 0:30:03]} Bxa1 {[%emt 0:00:17]} 38. Nxd6 {[%emt 0:30:14]} 1-0

[Event "SC Kreuzberg IM 2018"]
[Site "Berlin"]
[Date "2018.08.05"]
[Round "7.1"]
[White "Barath, Madhan"]
[Black "Brunello, Marina"]
[Result "1/2-1/2"]
[WhiteElo "2307"]
[BlackElo "2280"]
[Annotator "TA"]
[PlyCount "191"]
[EventDate "2018.08.06"]
[EventType "tourn"]
[EventCountry "GER"]
[SourceTitle "playchess.com"]
[Source "ChessBase"]
[SourceQuality "1"]

{[%evp 22,191,21,12,14,14,34,0,4,6,9,8,38,0,62,55,64,41,51,50,56,39,30,13,21,16,148,147,145,144,128,132,116,107,112,72,77,82,78,56,70,45,45,45,58,45,56,45,45,45,45,45,45,45,45,38,38,25,45,45,45,25,25,18,28,28,45,25,28,18,45,25,25,25,25,25,45,25,25,18,25,18,45,12,45,45,45,45,45,38,45,0,45,45,71,45,45,19,45,18,79,45,79,19,45,38,38,19,45,45,45,45,45,45,45,45,45,45,45,38,45,0,45,0,45,45,79,79,79,79,79,79,79,79,79,79,79,71,71,71,79,71,79,79,79,0,0,0,31,31,31,31,31,0,0,0,0,0,0,0,0,0,0,0,0,0,0,0,0,0,0,0]} 1. d4 d5 2. c4 c6 3. Nf3 Nf6 4. e3 Bg4 5. h3 Bxf3 6. Qxf3 e6 7. Nc3 Nbd7 8. Bd2 {D11: Slav Defence: 3 Nf3 sidelines and 3...Nf6 4 e3 Bg4} (8. Bd3 Bb4 9. O-O O-O 10. Qd1 Re8 11. Bd2 dxc4 12. Bxc4 Qe7 13. a3 Bd6 14. Qc2 Rad8 15. Rfd1 h5 16. b4 h4 {0-1 (35) So,W (2815)-Carlsen,M (2832) chess.com INT 2017}) 8... Bb4 9. Bd3 O-O 10. a3 Ba5 11. b4 Bc7 12. cxd5 {LiveBook: 25 Games} cxd5 13. O-O Nb6 14. e4 dxe4 15. Nxe4 {[#]} Nbd5 $146 ({Predecessor:} 15... Nxe4 16. Qxe4 g6 {½-½ (24) Ernst,S (2559)-L'Ami,E (2600) Hilversum 2008}) 16. Bg5 Rb8 (16... h6 $5 {[%cal Rh6g5]} 17. Bh4 g5 $14) 17. Bc2 Bd6 (17... h6 $11 18. Nxf6+ Nxf6 19. Bxf6 Qxf6) 18. Nxf6+ Nxf6 19. d5 $36 {[%mdl 2048] Hoping for Qd3. Black is under pressure.} exd5 20. Qd3 g6 21. Qd4 Kg7 $1 22. Qxa7 Be5 23. Rad1 h6 {[#]} (23... Qc7 $11 {remains equal.} 24. f4 Ra8) 24. Bxh6+ $1 $16 {[%mdl 512]} Kxh6 25. Qe3+ Kg7 {...Bc7 is the strong threat.} 26. Qxe5 Re8 27. Qd4 Qc7 28. Bd3 Rbc8 29. a4 Qc3 30. Qb6 Ne4 31. Bxe4 Rxe4 32. b5 Rc7 33. a5 d4 34. a6 Re6 35. Qxd4+ Qxd4 36. Rxd4 {And now a7 would win.} bxa6 37. bxa6 Rxa6 $14 {[%mdl 4096] Endgame KRR-KRR} 38. Rfd1 Rc2 39. R1d2 Raa2 40. Rxc2 Rxc2 {KR-KR} 41. Rf4 Ra2 42. Kh2 Ra3 43. Re4 Rb3 44. Re3 Rb2 45. Kg3 Ra2 46. Kf3 Rb2 47. Re2 Rb4 48. Re4 Rb2 49. Rf4 Ra2 50. Kg4 Rb2 51. h4 Rb5 52. g3 Ra5 53. Rc4 Ra2 54. f3 Ra5 55. Kf4 Rf5+ 56. Kg4 Ra5 57. Rc3 Kf6 58. Re3 Kg7 59. Kf4 Kf6 60. Re4 Ra1 (60... g5+ $11 61. Kg4 Kg6) 61. Rc4 Ra5 62. Ke4 ({White should play} 62. g4 $16) 62... Rb5 63. Rc6+ Kg7 64. Rd6 Ra5 65. Rd5 Ra4+ 66. Rd4 Ra5 67. Kf4 Rf5+ 68. Ke3 Re5+ 69. Re4 Ra5 70. Kf4 Rf5+ 71. Ke3 Ra5 72. Rd4 Re5+ 73. Kf2 Ra5 74. g4 Rb5 75. Kg3 Ra5 76. Kf4 Rb5 77. Rd8 Rb4+ 78. Kg3 Rb5 79. Re8 Ra5 80. Kf4 Kf6 81. Rg8 Ra4+ 82. Kg3 Ra5 83. g5+ (83. Rb8 $16) 83... Ke7 $11 84. Rb8 Ra1 85. Rb6 Kf8 86. Rf6 Kg7 87. f4 Rg1+ {The position is equal.} 88. Kh2 Ra1 89. Kg2 Ra2+ 90. Kg3 Ra1 91. Rd6 Rg1+ 92. Kh3 Rh1+ 93. Kg4 Rg1+ 94. Kf3 Rf1+ 95. Kg3 Rg1+ 96. Kf3 {[%mdl 32768] Precision: White = 39%, Black = 55%. . Sensor Board Error (Ke4/e5)?} 1/2-1/2